Online
Catalog

La cabaña del tío Tom / (Record no. 38604)

MARC details
000 -CABECERA
campo de control de longitud fija 00821nam a2200253 a 4500
001 - NÚMERO DE CONTROL
campo de control 000039114
003 - IDENTIFICADOR DEL NÚMERO DE CONTROL
campo de control OCoLC
005 - FECHA Y HORA DE LA ÚLTIMA TRANSACCIÓN
campo de control 20201002031512.0
008 - DATOS DE LONGITUD FIJA--INFORMACIÓN GENERAL
campo de control de longitud fija 081112s1989 dr a 001 f spa d
020 ## - NÚMERO INTERNACIONAL ESTÁNDAR DEL LIBRO
Número Internacional Estándar del Libro 9978800433
040 ## - FUENTE DE LA CATALOGACIÓN
Centro catalogador/agencia de origen DO-SdBNP
Lengua de catalogación spa
Centro/agencia transcriptor BNPHU
082 ## - NÚMERO DE LA CLASIFICACIÓN DECIMAL DEWEY
Número de clasificación 813.3
Número de documento/Ítem M813ca
100 1# - ENTRADA PRINCIPAL--NOMBRE DE PERSONA
Nombre de persona Beecher Stowe, Harriet
9 (RLIN) 65319
240 10 - TÍTULO UNIFORME
Título uniforme Uncle Tom's Cabin.
Lenguaje de la obra Español.
245 13 - MENCIÓN DE TÍTULO
Título La cabaña del tío Tom /
Mención de responsabilidad, etc. Harriet Beecher Stowe ; ilustraciones Nelson Jácme Viteri.
260 ## - PUBLICACIÓN, DISTRIBUCIÓN, ETC.
Lugar de publicación, distribución, etc. Santo Domingo :
Nombre del editor, distribuidor, etc. Libresa,
Fecha de publicación, distribución, etc. 1989.
300 ## - DESCRIPCIÓN FÍSICA
Extensión 68 p. :
Otras características físicas il. ;
Dimensiones 22 cm.
490 1# - MENCIÓN DE SERIE
Mención de serie Clásicos de siempre
650 #4 - PUNTO DE ACCESO ADICIONAL DE MATERIA--TÉRMINO DE MATERIA
Término de materia o nombre geográfico como elemento de entrada Novela estadounidense
9 (RLIN) 262
650 #4 - PUNTO DE ACCESO ADICIONAL DE MATERIA--TÉRMINO DE MATERIA
Término de materia o nombre geográfico como elemento de entrada Literatura estadounidense
9 (RLIN) 263
700 12 - PUNTO DE ACCESO ADICIONAL--NOMBRE DE PERSONA
Título de la obra La cabaña del tio Tom
9 (RLIN) 65320
700 12 - PUNTO DE ACCESO ADICIONAL--NOMBRE DE PERSONA
Nombre de persona Jácme Viteri, Nelson
Término indicativo de función/relación il.
9 (RLIN) 65321
830 #0 - PUNTO DE ACCESO ADICIONAL DE SERIE-TÍTULO UNIFORME
Título uniforme Clásicos de siempre
9 (RLIN) 60025
Holdings
Estado de retiro Estado de pérdida Restricciones de uso No para préstamo Código de colección Localización permanente Ubicación/localización actual Ubicación en estantería Fecha de adquisición Número de inventario Total de préstamos Signatura topográfica completa Código de barras Fecha visto por última vez Precio válido a partir de Tipo de ítem Koha Número de copia
    Préstamo interno   Patrimonio Dominicano General General Depósito 22.05.2013 LF1   813.3 M813ca 39114-10 25.06.2020 25.06.2020 Libro y Folleto Colección Patrimonio Dominicano  
    Préstamo interno Préstamo restrigido Patrimonio Dominicano General General Depósito 22.05.2013 LF1   813.3 M813ca 39114-20 25.06.2020 25.06.2020 Libro y Folleto Colección Patrimonio Dominicano e. 2
  Extraviado Préstamo interno   Dominicana de Servicio General General Extraviado 22.05.2013 LF1   813.3 M813ca 39114-30 25.06.2020 25.06.2020 Libro y Folleto Colección Dominicana de Servicio e. 3

Powered by Koha